AUDELS CARPENTERS AND BUILDERS GUIDE 4&3 A PRACTICAL ILLUSTRATED TRADE ASSITANT ON MODERN CONSTRUCTION (Record no. 567274)
[ view plain ]
| 000 -LEADER | |
|---|---|
| fixed length control field | 00327nam a22001097a 4500 |
| 082 ## - DEWEY DECIMAL CLASSIFICATION NUMBER | |
| Classification number | 694.1 GRA'A |
| 100 ## - MAIN ENTRY--PERSONAL NAME | |
| Personal name | GRAHAM, FRANK D |
| 9 (RLIN) | 42150 |
| 245 ## - TITLE STATEMENT | |
| Title | AUDELS CARPENTERS AND BUILDERS GUIDE 4&3 A PRACTICAL ILLUSTRATED TRADE ASSITANT ON MODERN CONSTRUCTION |
| 260 ## - PUBLICATION, DISTRIBUTION, ETC. | |
| Place of publication, distribution, etc. | NEWYORK |
| Name of publisher, distributor, etc. | AUDELS & CO |
| Date of publication, distribution, etc. | 1961 |
| 300 ## - PHYSICAL DESCRIPTION | |
| Extent | 1560P |
| 942 ## - ADDED ENTRY ELEMENTS (KOHA) | |
| Koha item type | Book |
| Withdrawn status | Lost status | Damaged status | Not for loan | Permanent Location | Current Location | Shelving location | Date acquired | Total Checkouts | Full call number | Barcode | Date last seen | Price effective from | Koha item type |
|---|---|---|---|---|---|---|---|---|---|---|---|---|---|
| College of Electrical & Mechanical Engineering (CEME) | College of Electrical & Mechanical Engineering (CEME) | General Stacks | 07/12/2017 | 694.1 GRA'A | CEME-4443 | 06/28/2021 | 06/28/2021 | Book | |||||
| College of Electrical & Mechanical Engineering (CEME) | College of Electrical & Mechanical Engineering (CEME) | General Stacks | 07/12/2017 | 694.1 GRA'A | CEME-4444 | 06/28/2021 | 06/28/2021 | Book |
